000
00294nam a22001217a 4500
008
180125b xxu||||| |||| 00| 0 eng d
041
_a
eng
080
_a
574
100
_a
9
101
_a
MJE
245
_a
Information resources on Swine Housing, Care and Welfare
_c
Smith,C.P
942
_2
udc
_c
BK
999
_c
40976
_d
40976